The Effect of Negative News on Cooperation Decisions diplomová práca

Salvato in:
Dettagli Bibliografici
Autore principale: Baluch, Stanislav
Ente Autore: Národohospodárska fakulta EU. Katedra poisťovníctva
Altri autori: Lorko, Matej, 1987-
Natura: Libro
Lingua:inglese
Pubblicazione: Bratislava 2024
Tags: Aggiungi Tag
Nessun Tag, puoi essere il primo ad aggiungerne!!

MARC

LEADER 00000nbm a2200000 4500
001 0300649
005 20241008143431.3
041 0 |a eng 
044 |a SK 
245 1 0 |a The Effect of Negative News on Cooperation Decisions  |b diplomová práca  |c Stanislav Baluch ; školiteľ: Matej Lorko 
264 1 |a Bratislava  |c 2024 
300 |a 63 s. 
100 1 |a Baluch, Stanislav 
700 1 |a Lorko, Matej, 1987- 
710 2 |a Národohospodárska fakulta EU. Katedra poisťovníctva